Normal view
MARC view
Entry Topical Term
001 - CONTROL NUMBER
- control field: 55783
003 - CONTROL NUMBER IDENTIFIER
- control field: OSt
005 - DATE AND TIME OF LATEST TRANSACTION
- control field: 20231208153443.0
008 - FIXED-LENGTH DATA ELEMENTS
- fixed length control field: 231208|| aca||aabn | a|a d
040 ## - CATALOGING SOURCE
- Original cataloging agency: OSt
- Transcribing agency: OSt
600 ## -
- : Luo language
- : Texts
670 ## - SOURCE DATA FOUND
- Source citation: Work cat.: (OSt)67803: Muma Maler mar Nyasaye, moting'o Muma Machon kod Muma Manyien. , 1976.
